| 000 | 00475nam a22001457a 4500 | ||
|---|---|---|---|
| 003 | 0 | ||
| 005 | 20221117100125.0 | ||
| 008 | 221117b xxu||||| |||| 00| 0 eng d | ||
| 050 |
_aQA76.5 _b.D44 2019 |
||
| 245 |
_aCustomer relationship online management system (CROMS) _cAdrian S. de Guinto |
||
| 260 |
_aLas Pinas City, Philippines _bSouthville International School and Colleges _cC2019 |
||
| 300 |
_ai,299pp. _fTheses |
||
| 500 | _aOnline management system. | ||
| 942 |
_2lcc _cTH |
||
| 999 |
_c364902 _d364902 |
||